La guerra recrudece

में बचाया:
ग्रंथसूची विवरण
स्वरूप: मूलपाठ
विषय:
टैग: टैग जोड़ें
कोई टैग नहीं, इस रिकॉर्ड को टैग करने वाले पहले व्यक्ति बनें!

MARC

LEADER 00000 a a2200000 04500
001 45564
003
040 |a CRAI/IIS  |c CRAI/IIS 
245 |a La guerra recrudece  
500 |a Antes se llamaba: ALAI SERVICIO MENSUAL DE INFORMACION Y DOCUMENTACION  
650 |a POLITICA  
650 |a DEMOCRACIA  
650 |a ELECCIONES  
650 |a AMERICA CENTRAL  
650 |a EL SALVADOR  
773 |g volumen12, número109 ( Noviembre, 1988), Págs. 7-8  
999 |c 18256  |d 18256